000 00818nam a2200229 a 4500
001 47227
003 BD-RjUL
005 20211209054259.0
008 160807s1989 bg ||||| |||| 00| 0 ben d
020 _c: TK 65.00
035 _a(BD-RjUL)47346
040 _aBD-RjUL
_bben
_cBD-RjUL
041 _aben
082 _223
_a973.35492
_bUMB 1987
100 _aউমর, বদরুদ্দীন
_9121191
245 1 0 _aবাঙলাদেশের কৃষক ও কৃষক আন্দোলন /
_cবদরুদ্দীন উমর
260 _aঢাকা :
_bজাতীয় সাহিত্য প্রকাশ,
_c1987
300 _a২১৪ পৃ. ;
_c২১ সেমি.
650 _aFarmer Revolution
_9121194
650 _aকৃষক আন্দোলন
_9121195
942 _2ddc
_cBK
999 _c47227
_d47227